[Event "45th Olympiad 2024"]
[Site "Budapest HUN"]
[Date "2024.09.11"]
[Round "1.30"]
[Board "3"]
[White "Olsen, Filip Boe"]
[Black "Jamal, Hamid Harmon Gulamo"]
[Result "1-0"]
[WhiteTitle "IM"]
[WhiteElo "2441"]
[BlackElo "1959"]
[WhiteTeam "Denmark"]
[BlackTeam "Mozambique"]
[WhiteFideId "1440640"]
[BlackFideId "14801221"]
[EventDate "2024.09.11"]

1. d4 Nf6 2. c4 g6 3. Nc3 Bg7 4. e4 d6 5. h3 O-O 6. Be3 e5 7. d5 a5 8. g4 Na6 9.
Nge2 Nd7 10. Qd2 Ndc5 11. Ng3 c6 12. Be2 cxd5 13. cxd5 Bd7 14. h4 Rb8 15. Nb5
Qb6 16. Na3 Qb4 17. Nc4 Qxd2+ 18. Kxd2 b5 19. Nxa5 f5 20. gxf5 gxf5 21. exf5 e4
22. Rhg1 Kh8 23. Nc6 Bxc6 24. dxc6 d5 25. Bf4 Rb6 26. c7 d4 27. Nh5 Bh6 28. Bxh6
Rxh6 29. Rac1 d3 30. Bg4 Rc6 31. f6 Rxc7 32. Bf5 b4 33. Rg7 Rcf7 34. Rc4 Rxf6
35. Rxh7+ Kg8 36. Nxf6+ Rxf6 37. Rh5 Kf8 38. Rd4 Rf7 39. Rh8+ Ke7 40. Rh7 1-0

[Event "45th Olympiad 2024"]
[Site "Budapest HUN"]
[Date "2024.09.11"]
[Round "1.30"]
[Board "4"]
[White "Farisse, Joao"]
[Black "Ramsdal, Jens Albert"]
[Result "1-0"]
[BlackTitle "FM"]
[WhiteElo "1851"]
[BlackElo "2328"]
[WhiteTeam "Mozambique"]
[BlackTeam "Denmark"]
[WhiteFideId "14800730"]
[BlackFideId "1429221"]
[EventDate "2024.09.11"]

1. c4 Nf6 2. Nf3 e6 3. Nc3 d5 4. d4 c5 5. e3 a6 6. b3 cxd4 7. exd4 Bb4 8. Bd2
dxc4 9. bxc4 O-O 10. Qb3 Ba5 11. Bd3 e5 12. Ne4 Nxe4 13. Bxe4 Bxd2+ 14. Nxd2
Qxd4 15. Rd1 Nd7 16. O-O Nf6 17. Rfe1 Qc5 18. Bd5 Bg4 19. Rc1 Rad8 20. Qg3 Qc7
21. Nf1 Rfe8 22. Ne3 Bc8 23. Qh4 Qe7 24. Qg3 Nh5 25. Qf3 Nf4 26. Rcd1 b6 27. Bc6
Rxd1 28. Rxd1 Rd8 29. Nd5 Nxd5 30. cxd5 Qd6 31. Rc1 g6 32. Qe3 b5 33. h4 Kg7 34.
Qb6 h5 35. Re1 Re8 36. f4 f6 37. Qa7+ Re7 38. fxe5 fxe5 39. Qe3 Bf5 40. Rf1 Rf7
41. Re1 Re7 42. Rf1 Bd7 43. Qf2 Kh7 44. Qf8 Bf5 45. Be8 Qb6+ 46. Kh1 Rg7 47. d6
Qd4 48. Qf6 Qg4 49. Bf7 Be4 50. Rf2 Bd5 51. Be8 Be6 52. Qxe5 Qxh4+ 53. Kg1 Qg4
54. Rf8 h4 55. Rf4 Qd1+ 56. Kh2 g5 57. Rd4 Qf1 58. Qxe6 Qf2 59. Qe4+ Kh6 60. d7 1-0

[Event "45th Olympiad 2024"]
[Site "Budapest HUN"]
[Date "2024.09.11"]
[Round "1.31"]
[Board "1"]
[White "Cogan, Nicolas"]
[Black "Dragnev, Valentin"]
[Result "0-1"]
[BlackTitle "GM"]
[WhiteElo "2112"]
[BlackElo "2556"]
[WhiteTeam "Cote d’Ivoire"]
[BlackTeam "Austria"]
[WhiteFideId "679356"]
[BlackFideId "1634852"]
[EventDate "2024.09.11"]

1. d4 Nf6 2. Nf3 g6 3. g3 Bg7 4. Bg2 O-O 5. O-O d6 6. a4 Nc6 7. Nc3 e5 8. dxe5
dxe5 9. Be3 Bf5 10. Bc5 Re8 11. Nd2 e4 12. Nc4 Nd7 13. Be3 Be6 14. Nd2 f5 15. f3
Nde5 16. Kh1 exf3 17. exf3 Qe7 18. Qe2 Rad8 19. Qf2 b6 20. h3 Na5 21. Rad1 Qb4
22. f4 Nec4 23. Nxc4 Nxc4 24. Nd5 Bxd5 25. Rxd5 Nxb2 26. Rb1 Qxa4 27. g4 Qa2 28.
Qf1 Rxd5 29. Ra1 Rxe3 30. Rxa2 Rd1 31. Qxd1 Nxd1 32. Rxa7 Re1+ 33. Kh2 Re2 0-1

[Event "45th Olympiad 2024"]
[Site "Budapest HUN"]
[Date "2024.09.11"]
[Round "1.31"]
[Board "2"]
[White "Horvath, Dominik"]
[Black "De Gondo, Simplice Armel"]
[Result "1-0"]
[WhiteTitle "GM"]
[BlackTitle "FM"]
[WhiteElo "2559"]
[BlackElo "2045"]
[WhiteTeam "Austria"]
[BlackTeam "Cote d’Ivoire"]
[WhiteFideId "1642561"]
[BlackFideId "14306310"]
[EventDate "2024.09.11"]

1. e4 c5 2. c3 Nf6 3. e5 Nd5 4. Bc4 Nb6 5. Bb3 c4 6. Bc2 Nc6 7. Qe2 Qc7 8. Nf3
e6 9. b3 cxb3 10. axb3 d6 11. exd6 Bxd6 12. d4 Bd7 13. O-O Nd5 14. c4 Ncb4 15.
Be4 Nf6 16. Nc3 O-O 17. Bb1 Bc6 18. Bg5 Rfe8 19. Ne5 h6 20. Bxf6 gxf6 21. Nxc6
Nxc6 22. Ne4 Be7 23. Qg4+ Kh8 24. Qh3 Kg7 25. Ng3 Rh8 26. d5 Nd8 27. Re1 Kf8 28.
dxe6 fxe6 29. Bg6 Qb6 30. Rad1 Rc8 31. Nh5 Rg8 32. Nf4 Kg7 33. Bf5 Rc7 34. Bxe6 1-0

[Event "45th Olympiad 2024"]
[Site "Budapest HUN"]
[Date "2024.09.11"]
[Round "1.31"]
[Board "3"]
[White "Manan, Yoboue Hermann"]
[Black "Blohberger, Felix"]
[Result "0-1"]
[WhiteTitle "CM"]
[BlackTitle "GM"]
[WhiteElo "2030"]
[BlackElo "2520"]
[WhiteTeam "Cote d’Ivoire"]
[BlackTeam "Austria"]
[WhiteFideId "20800061"]
[BlackFideId "1632051"]
[EventDate "2024.09.11"]

1. e4 c5 2. Nf3 d6 3. Bb5+ Nd7 4. O-O a6 5. Bxd7+ Bxd7 6. d4 cxd4 7. Qxd4 e5 8.
Qd3 h6 9. Nc3 Nf6 10. a4 Rc8 11. Be3 Be7 12. a5 Qc7 13. Nd2 O-O 14. Bb6 Qc6 15.
Rfc1 Be6 16. Ne2 d5 17. exd5 Nxd5 18. Qg3 Nxb6 19. axb6 Bg5 20. Nf3 Bxc1 21.
Rxc1 f6 22. Nh4 Qxb6 23. b3 Rfd8 24. Ng6 Rxc2 0-1

[Event "45th Olympiad 2024"]
[Site "Budapest HUN"]
[Date "2024.09.11"]
[Round "1.31"]
[Board "4"]
[White "Baidetskyi, Valentin"]
[Black "Nean, Franck Anderson"]
[Result "1-0"]
[WhiteTitle "IM"]
[WhiteElo "2512"]
[BlackElo "1917"]
[WhiteTeam "Austria"]
[BlackTeam "Cote d’Ivoire"]
[WhiteFideId "14142317"]
[BlackFideId "20802617"]
[EventDate "2024.09.11"]

1. e4 c5 2. Nf3 g6 3. c4 Bg7 4. d4 cxd4 5. Nxd4 Nc6 6. Be3 d6 7. Nc3 Nf6 8. Be2
Bd7 9. O-O Nxd4 10. Bxd4 Bc6 11. Qd3 O-O 12. b4 b6 13. Rfd1 Nd7 14. Bxg7 Kxg7
15. f4 Kg8 16. e5 a5 17. b5 Nc5 18. Qg3 Bb7 19. f5 Qe8 20. exd6 exd6 21. Rxd6
Kh8 22. f6 Rd8 23. Rad1 Rxd6 24. Rxd6 Ba8 25. Rxb6 Ne4 26. Nxe4 Qxe4 27. Bf1
Qd4+ 28. Qf2 Qa1 29. Rd6 h5 30. c5 Be4 31. Qe3 Kh7 32. Qxe4 Qxa2 33. Rd5 Kh6 34.
Qf4+ Kh7 1-0

[Event "45th Olympiad 2024"]
[Site "Budapest HUN"]
[Date "2024.09.11"]
[Round "1.32"]
[Board "1"]
[White "Mchedlishvili, Mikheil"]
[Black "Gurner, Jem"]
[Result "1-0"]
[WhiteTitle "GM"]
[BlackTitle "CM"]
[WhiteElo "2574"]
[BlackElo "2091"]
[WhiteTeam "Georgia"]
[BlackTeam "Jersey"]
[WhiteFideId "13600966"]
[BlackFideId "67600280"]
[EventDate "2024.09.11"]

1. c4 Nf6 2. g3 g6 3. Bg2 Bg7 4. Nc3 O-O 5. d4 d6 6. Nf3 Nc6 7. d5 Na5 8. b3 c5
9. Bb2 a6 10. O-O Ne4 11. Qc1 Nxc3 12. Bxc3 b5 13. h4 h5 14. Bxg7 Kxg7 15. Qc3+
Kg8 16. Nd2 Rb8 17. f4 Bg4 18. e4 e6 19. e5 b4 20. Qb2 Bf5 21. Ne4 Bxe4 22. Bxe4
exd5 23. Bxd5 Kh7 24. Rae1 Qc7 25. e6 fxe6 26. Rxe6 Rbe8 27. f5 Rxe6 28. fxg6+
Rxg6 29. Rxf8 Qg7 30. Qxg7+ Kxg7 31. Rf7+ Kh8 32. Kg2 Rg8 33. Ra7 Re8 34. Ra8
Rxa8 35. Bxa8 Kg7 36. g4 hxg4 37. Kg3 Kh6 38. Kxg4 Kg6 39. h5+ Kh6 40. Be4 1-0

[Event "45th Olympiad 2024"]
[Site "Budapest HUN"]
[Date "2024.09.11"]
[Round "1.32"]
[Board "2"]
[White "Carpenter, Paul A"]
[Black "Kacharava, Nikolozi"]
[Result "0-1"]
[BlackTitle "GM"]
[WhiteElo "1985"]
[BlackElo "2511"]
[WhiteTeam "Jersey"]
[BlackTeam "Georgia"]
[WhiteFideId "408930"]
[BlackFideId "13611860"]
[EventDate "2024.09.11"]

1. b3 e5 2. Bb2 Nc6 3. d3 d5 4. e3 Nf6 5. Nd2 Bd6 6. Ne2 Qe7 7. a3 h5 8. h3 Bf5
9. g3 e4 10. d4 Nd8 11. c4 c6 12. Nc3 Ne6 13. c5 Bc7 14. b4 Ng5 15. Qa4 Qe6 16.
b5 O-O 17. Ne2 Nxh3 18. Nf4 Nxf4 19. gxf4 Bg4 20. Be2 Bxf4 21. Bxg4 Nxg4 22.
Rxh5 Nxe3 23. fxe3 Bg3+ 24. Kf1 g6 25. Rh1 Qf5+ 26. Ke2 Qg4+ 27. Kf1 Kg7 28. Qd1
Qf5+ 29. Kg2 Qf2+ 30. Kh3 Rh8+ 31. Kg4 f5+ 32. Kg5 Qxe3# 0-1

[Event "45th Olympiad 2024"]
[Site "Budapest HUN"]
[Date "2024.09.11"]
[Round "1.32"]
[Board "3"]
[White "Paichadze, Luka"]
[Black "Belzo, Krzysztof"]
[Result "1-0"]
[WhiteTitle "GM"]
[BlackTitle "CM"]
[WhiteElo "2516"]
[BlackElo "2076"]
[WhiteTeam "Georgia"]
[BlackTeam "Jersey"]
[WhiteFideId "13602934"]
[BlackFideId "1126768"]
[EventDate "2024.09.11"]

1. e4 c5 2. Nf3 Nc6 3. Bb5 Nf6 4. Bxc6 dxc6 5. d3 Bg4 6. h3 Bh5 7. Nc3 Qc7 8.
Be3 Nd7 9. g4 Bg6 10. Nh4 e6 11. f4 Be7 12. g5 Nf8 13. Qg4 f6 14. O-O-O Bf7 15.
Rhg1 Rg8 16. gxf6 gxf6 17. Qf3 Rxg1 18. Rxg1 Ng6 19. Qh5 f5 20. Qxh7 Bxh4 21.
Rxg6 Qe7 22. Rh6 Be1 23. Qh8+ Qf8 24. Bxc5 Qg8 25. Qf6 Kd7 26. Qe7+ Kc8 27. Bd6
Qd8 28. Rh8 Bd2+ 29. Kxd2 Be8 30. Rxe8 Qxe8 31. Qc7# 1-0

[Event "45th Olympiad 2024"]
[Site "Budapest HUN"]
[Date "2024.09.11"]
[Round "1.32"]
[Board "4"]
[White "Forbes, Garry"]
[Black "Jobava, Baadur"]
[Result "0-1"]
[WhiteTitle "CM"]
[BlackTitle "GM"]
[WhiteElo "1858"]
[BlackElo "2582"]
[WhiteTeam "Jersey"]
[BlackTeam "Georgia"]
[WhiteFideId "10700331"]
[BlackFideId "13601520"]
[EventDate "2024.09.11"]

1. d4 d6 2. e4 Nf6 3. Nc3 e5 4. dxe5 dxe5 5. Qxd8+ Kxd8 6. Bc4 Ke8 7. Nge2 c6 8.
a4 a5 9. h3 Nbd7 10. Be3 Bc5 11. Bxc5 Nxc5 12. f3 Ke7 13. O-O-O Nfd7 14. Rd2 Nb6
15. Bb3 h5 16. h4 Ra6 17. Rhd1 Nxb3+ 18. cxb3 Be6 19. Kc2 Nd7 20. Rd6 Rh6 21.
R6d2 Nc5 22. Nc1 Rb6 23. Rd8 Nxb3 24. Ra8 Rg6 25. Nd5+ cxd5 26. Nxb3 dxe4 27.
Nxa5 Rxg2+ 28. Rd2 exf3 0-1

[Event "45th Olympiad 2024"]
[Site "Budapest HUN"]
[Date "2024.09.11"]
[Round "1.33"]
[Board "1"]
[White "Wu, Li"]
[Black "Peralta, Fernando"]
[Result "0-1"]
[WhiteTitle "FM"]
[BlackTitle "GM"]
[WhiteElo "2325"]
[BlackElo "2558"]
[WhiteTeam "Isle of Man"]
[BlackTeam "Argentina"]
[WhiteFideId "411086"]
[BlackFideId "105309"]
[EventDate "2024.09.11"]

1. e4 e6 2. d4 d5 3. exd5 exd5 4. Nf3 Nf6 5. h3 Bd6 6. c4 O-O 7. c5 Be7 8. b4 b6
9. a3 Ne4 10. Be3 Bf6 11. Qc2 Re8 12. Bd3 bxc5 13. bxc5 Ba6 14. Ra2 Bxd3 15.
Qxd3 Nxc5 16. dxc5 d4 17. Re2 dxe3 18. Rxe3 Nd7 19. c6 Nb8 20. Qxd8 Rxd8 21. Ke2
Nxc6 22. Rc1 Nd4+ 23. Nxd4 Bxd4 24. Rd3 c5 25. Rc2 Rd6 26. Nd2 Re8+ 27. Kf1 Ra6
28. Rc4 g6 29. g4 Rb8 30. Nf3 Bb2 31. a4 Bg7 32. Rd7 Bf8 33. Rf4 f6 34. g5 f5
35. Rh4 Bg7 36. Rc4 Bf8 37. Rh4 Bg7 38. Rc4 Ra5 39. Rc1 Bf8 40. Ne5 Rxa4 41. Nc6
Re8 42. Rcd1 a6 43. Rc7 Ra2 44. Kg1 Rae2 45. Rdd7 R2e6 46. Rxh7 Rxc6 0-1

[Event "45th Olympiad 2024"]
[Site "Budapest HUN"]
[Date "2024.09.11"]
[Round "1.33"]
[Board "2"]
[White "Krysa, Leandro"]
[Black "Fabri, Henrik"]
[Result "1-0"]
[WhiteTitle "GM"]
[WhiteElo "2495"]
[BlackElo "1936"]
[WhiteTeam "Argentina"]
[BlackTeam "Isle of Man"]
[WhiteFideId "116807"]
[BlackFideId "403270"]
[EventDate "2024.09.11"]

1. c4 e5 2. g3 Nf6 3. Bg2 c6 4. Nf3 e4 5. Nd4 d5 6. cxd5 cxd5 7. Nc3 Nc6 8. Nxc6
bxc6 9. d3 exd3 10. Qxd3 Bb4 11. O-O O-O 12. Be3 Be6 13. Na4 Qa5 14. Qc2 Nd7 15.
Rfc1 Rfc8 16. a3 Bd6 17. Nc5 Nxc5 18. Bxc5 Qd8 19. e4 g6 20. Rd1 Qe7 21. Rac1
Rab8 22. b4 a5 23. bxa5 Rb5 24. Bb6 Bxa3 25. Rb1 Rxb1 26. Rxb1 Qd6 27. Qc3 c5
28. Qxa3 d4 29. Rd1 Bc4 30. Rc1 Ba6 31. Rxc5 Qd7 32. Rxc8+ Qxc8 33. Bxd4 1-0

[Event "45th Olympiad 2024"]
[Site "Budapest HUN"]
[Date "2024.09.11"]
[Round "1.33"]
[Board "3"]
[White "Ormsby, Alan"]
[Black "Felgaer, Ruben"]
[Result "1/2-1/2"]
[BlackTitle "GM"]
[WhiteElo "1914"]
[BlackElo "2563"]
[WhiteTeam "Isle of Man"]
[BlackTeam "Argentina"]
[WhiteFideId "403407"]
[BlackFideId "107069"]
[EventDate "2024.09.11"]

1. d4 d5 2. Bf4 Nf6 3. e3 e6 4. Bd3 Bd6 5. Bg3 O-O 6. Nf3 b6 7. Nbd2 Bb7 8. c3
c5 9. Ne5 Nc6 10. O-O Qc7 11. Nxc6 Bxc6 12. Bxd6 Qxd6 13. f4 Ne4 14. Nxe4 dxe4
15. Be2 Rfd8 16. a3 a5 17. Qe1 h6 18. Qh4 cxd4 19. cxd4 Qd5 20. Rac1 Rdc8 21.
Bc4 Qd7 22. Qf2 Rc7 23. Qd2 Bb7 24. Bb5 Qd6 25. Rxc7 Qxc7 26. Rc1 Qd6 27. Rc3 g5
28. fxg5 Qd5 29. Bf1 Qxg5 30. Qf2 Rc8 31. Rxc8+ Bxc8 32. h4 Qd5 1/2-1/2

[Event "45th Olympiad 2024"]
[Site "Budapest HUN"]
[Date "2024.09.11"]
[Round "1.33"]
[Board "4"]
[White "Sosa, Tomas ARG"]
[Black "Gumireddy, Sanjay"]
[Result "1-0"]
[WhiteTitle "GM"]
[WhiteElo "2515"]
[BlackElo "1907"]
[WhiteTeam "Argentina"]
[BlackTeam "Isle of Man"]
[WhiteFideId "121576"]
[BlackFideId "448885"]
[EventDate "2024.09.11"]

1. e4 e5 2. Nf3 Nc6 3. Bc4 Nf6 4. d3 Be7 5. O-O d6 6. a4 a5 7. Nc3 h6 8. Nd5 g5
9. c3 Bf8 10. Nxg5 hxg5 11. Bxg5 Bg7 12. Qf3 Ne7 13. Nxf6+ Bxf6 14. Qxf6 Rg8 15.
Bxf7+ 1-0

[Event "45th Olympiad 2024"]
[Site "Budapest HUN"]
[Date "2024.09.11"]
[Round "1.34"]
[Board "1"]
[White "Schitco, Ivan"]
[Black "Gabriel, Davidson"]
[Result "1/2-1/2"]
[WhiteTitle "GM"]
[WhiteElo "2527"]
[BlackElo "2043"]
[WhiteTeam "Moldova"]
[BlackTeam "Haiti"]
[WhiteFideId "13905465"]
[BlackFideId "11901284"]
[EventDate "2024.09.11"]

1. Nf3 Nf6 2. c4 g6 3. Nc3 Bg7 4. e4 d6 5. d4 O-O 6. Be2 Bg4 7. O-O Nfd7 8. Be3
e5 9. d5 Bxf3 10. Bxf3 f5 11. b4 a5 12. a3 f4 13. Bd2 Nf6 14. c5 Qe8 15. cxd6
cxd6 16. bxa5 Rxa5 17. a4 Qd8 18. Nb5 Ra6 19. Rc1 Ne8 20. Bg4 Nd7 21. Bb4 h5 22.
Be6+ Kh7 23. Rc3 f3 24. Rxf3 Rxf3 25. Qxf3 Rxa4 26. Qb3 Ra6 27. Bf7 Nef6 28.
Bxd6 Nxe4 29. Qc2 Qf6 30. Be6 Nxd6 31. Bxd7 Nxb5 32. Bxb5 Ra5 33. Qe2 e4 34. g3
Qd4 35. Rd1 Ra1 36. Rxa1 Qxa1+ 37. Kg2 Qd4 38. Qc4 Qxc4 39. Bxc4 Bd4 40. d6 Be5
41. d7 Bc7 42. Bd5 b5 43. Bxe4 Kg7 44. h4 Kf6 45. f4 Bd8 46. Kf3 b4 47. Bc2 Bb6
48. Ke2 Bc7 49. Ke3 Bb6+ 50. Kf3 Bc7 51. Ke4 Ke6 52. Ba4 Bb6 53. Kf3 Bc7 54. Bc2
Kf6 55. Ke4 Ke6 56. Bb3+ Ke7 57. Ba4 Bb6 58. Kf3 Kf6 59. g4 hxg4+ 60. Kxg4 Bc7
61. Kf3 Bd8 62. Kg4 Bc7 63. Bc2 Bd8 64. f5 gxf5+ 65. Bxf5 1/2-1/2

[Event "45th Olympiad 2024"]
[Site "Budapest HUN"]
[Date "2024.09.11"]
[Round "1.34"]
[Board "2"]
[White "Etienne, Angelo"]
[Black "Macovei, Andrei"]
[Result "0-1"]
[BlackTitle "IM"]
[WhiteElo "2122"]
[BlackElo "2464"]
[WhiteTeam "Haiti"]
[BlackTeam "Moldova"]
[WhiteFideId "361096937"]
[BlackFideId "13904680"]
[EventDate "2024.09.11"]

1. Nf3 c5 2. g3 Nc6 3. c4 g6 4. Bg2 Bg7 5. Nc3 e5 6. O-O d6 7. d3 Nge7 8. Ne1
Be6 9. Nc2 d5 10. cxd5 Nxd5 11. Ne4 b6 12. Ng5 Bc8 13. Ne3 Nde7 14. Qa4 Bd7 15.
Bd2 O-O 16. Qh4 h6 17. Nf3 g5 18. Qc4 Rc8 19. h4 Be6 20. Qa4 g4 21. Nh2 h5 22.
f3 Nd4 23. Rf2 f5 24. fxg4 hxg4 25. Nef1 f4 26. Qd1 Nef5 27. Nxg4 fxg3 28. Rxf5
Nxf5 29. Bg5 Qd4+ 30. e3 Qxb2 31. Rb1 Qa3 32. e4 Nd4 33. Nxg3 Qxa2 34. Rc1 Qb3
35. Nh6+ Bxh6 36. Bxh6 Qxd1+ 37. Rxd1 Rf7 38. Nf5 Kh7 39. Nxd4 cxd4 40. Bd2 Rc2
41. Bg5 Bg4 42. Ra1 Kg6 43. Rb1 Be2 44. Rb5 Rc5 45. Rb3 Ra5 46. Kh2 Bg4 47. Kg3
Be6 48. Rb2 Ra3 49. Rb5 Rxd3+ 50. Kh2 Rf2 51. Kg1 Ra2 52. Rxe5 Bh3 53. Bxh3 Rg3+
54. Kf1 Rxh3 55. Kg1 Rg3+ 0-1

[Event "45th Olympiad 2024"]
[Site "Budapest HUN"]
[Date "2024.09.11"]
[Round "1.34"]
[Board "3"]
[White "Lashkin, Jegor"]
[Black "Victor, Wyclef"]
[Result "1-0"]
[WhiteTitle "FM"]
[WhiteElo "2472"]
[BlackElo "1924"]
[WhiteTeam "Moldova"]
[BlackTeam "Haiti"]
[WhiteFideId "13907808"]
[BlackFideId "11901268"]
[EventDate "2024.09.11"]

1. d4 Nf6 2. c4 e6 3. Nf3 b6 4. g3 Bb7 5. Bg2 Be7 6. O-O O-O 7. Nc3 d6 8. d5 e5
9. e4 Nbd7 10. Be3 Ng4 11. Bd2 Bc8 12. b4 Ngf6 13. Ne1 Re8 14. Nd3 Ba6 15. Qb3
Nf8 16. a4 Bc8 17. c5 bxc5 18. bxc5 Ba6 19. Nb5 N8d7 20. c6 Nb6 21. Rfb1 Bf8 22.
Qc2 g6 23. Nc3 Bxd3 24. Qxd3 a5 25. Rb5 Bg7 26. Ne2 Ra7 27. Be3 Qb8 28. Rab1 Ra6
29. R5b3 Qa7 30. Nc3 Rc8 31. Bf1 1-0

[Event "45th Olympiad 2024"]
[Site "Budapest HUN"]
[Date "2024.09.11"]
[Round "1.34"]
[Board "4"]
[White "Volcimus, Ritchy David"]
[Black "Bologan, Victor"]
[Result "0-1"]
[BlackTitle "GM"]
[WhiteElo "1948"]
[BlackElo "2598"]
[WhiteTeam "Haiti"]
[BlackTeam "Moldova"]
[WhiteFideId "11902086"]
[BlackFideId "13900048"]
[EventDate "2024.09.11"]

1. e4 e5 2. Nf3 Nc6 3. d4 exd4 4. Nxd4 Qf6 5. Nf3 Bc5 6. Nbd2 Nge7 7. Nb3 Bb6 8.
a4 a6 9. a5 Ba7 10. Bd3 Ne5 11. O-O Nxf3+ 12. Qxf3 Qxf3 13. gxf3 d6 14. Re1 Be6
15. Ra3 Nc6 16. Bd2 O-O 17. Bc3 Rad8 18. f4 f5 19. e5 dxe5 20. Bxe5 Rd7 21. Bc3
Bd5 22. Nd2 Nd4 23. Ra4 Ne6 24. Be5 Nc5 25. Ra3 Bf7 26. Nf1 g6 27. Ne3 Rfd8 28.
Rd1 c6 29. b4 Ne6 30. Kg2 Bb8 31. Bxb8 Rxb8 32. Kg3 Rbd8 33. c4 Rd4 34. Ng2 c5
35. b5 axb5 36. cxb5 c4 37. a6 bxa6 0-1

[Event "45th Olympiad 2024"]
[Site "Budapest HUN"]
[Date "2024.09.11"]
[Round "1.35"]
[Board "1"]
[White "Liyanage, Ranindu Dilshan"]
[Black "Albornoz Cabrera, Carlos Daniel"]
[Result "1/2-1/2"]
[WhiteTitle "IM"]
[BlackTitle "GM"]
[WhiteElo "2366"]
[BlackElo "2579"]
[WhiteTeam "Sri Lanka"]
[BlackTeam "Cuba"]
[WhiteFideId "9915834"]
[BlackFideId "3518736"]
[EventDate "2024.09.11"]

1. e4 c5 2. Nf3 d6 3. d4 cxd4 4. Nxd4 Nf6 5. Nc3 a6 6. Be3 Ng4 7. Bc1 Nc6 8. h3
Nf6 9. Be3 e5 10. Nb3 Be6 11. Qf3 Nb4 12. O-O-O Rc8 13. Kb1 h6 14. a3 Rxc3 15.
bxc3 Nc6 16. Bc1 Be7 17. g4 Na5 18. Nxa5 Qxa5 19. c4 Nd7 20. Bb2 Nb6 21. Qc3 Qc5
22. f4 Na4 23. Qb4 Nxb2 24. Qxc5 dxc5 25. Kxb2 exf4 26. e5 f3 27. Bd3 Bh4 28.
Be4 f2 29. Kc3 Bg3 30. Bxb7 h5 31. Bd5 Bxe5+ 32. Kd3 hxg4 33. Bxe6 fxe6 34. hxg4
Rf8 35. Rdf1 Rf4 36. c3 Rxg4 37. Rxf2 Rg3+ 38. Ke4 Bxc3 39. Rh8+ Ke7 40. Ra8 a5
41. Ra7+ Kd6 42. Ra6+ Ke7 43. Ra7+ Kd6 1/2-1/2

[Event "45th Olympiad 2024"]
[Site "Budapest HUN"]
[Date "2024.09.11"]
[Round "1.35"]
[Board "2"]
[White "Quesada Perez, Luis Ernesto"]
[Black "Amarathunga, Kosala Sandeepa Chamikara"]
[Result "1-0"]
[WhiteTitle "GM"]
[WhiteElo "2578"]
[BlackElo "1956"]
[WhiteTeam "Cuba"]
[BlackTeam "Sri Lanka"]
[WhiteFideId "3520773"]
[BlackFideId "29970954"]
[EventDate "2024.09.11"]

1. d4 Nf6 2. c4 e6 3. Nf3 d5 4. Nc3 h6 5. Bf4 c6 6. e3 Nbd7 7. h3 b6 8. cxd5
exd5 9. Bd3 Be7 10. O-O O-O 11. Rc1 Bb7 12. Ne5 c5 13. Bf5 Nxe5 14. dxe5 Ne4 15.
Nxe4 dxe4 16. Qg4 Kh8 17. Rfd1 Qe8 18. Qh5 Qc6 19. Rd7 Rae8 20. Rcd1 Kg8 21.
Rxb7 g6 22. Qxh6 Qxb7 23. Bxg6 fxg6 24. Qxg6+ Kh8 25. e6 Rxf4 26. exf4 Qc8 27.
Rd5 1-0

[Event "45th Olympiad 2024"]
[Site "Budapest HUN"]
[Date "2024.09.11"]
[Round "1.35"]
[Board "3"]
[White "Kodithuwakku, K K Dinujaya"]
[Black "Berdayes Ason, Dylan Isidro"]
[Result "0-1"]
[BlackTitle "GM"]
[WhiteElo "1826"]
[BlackElo "2474"]
[WhiteTeam "Sri Lanka"]
[BlackTeam "Cuba"]
[WhiteFideId "9998845"]
[BlackFideId "3516016"]
[EventDate "2024.09.11"]

1. d4 Nf6 2. c4 e6 3. Nf3 d5 4. g3 Bb4+ 5. Bd2 Be7 6. Bg2 O-O 7. O-O Nbd7 8. Bc3
b6 9. cxd5 exd5 10. Bd2 Re8 11. Nc3 Bb7 12. Bf4 Nf8 13. Rc1 Ne6 14. Ne5 c6 15.
Bh3 Bf8 16. e3 c5 17. Ne2 Ne4 18. Nf3 c4 19. Nc3 f6 20. Nd2 Nxd2 21. Qxd2 g5 22.
Qd1 Ng7 23. Kh1 gxf4 24. gxf4 Bb4 25. Rg1 Bxc3 26. bxc3 Bc8 27. Bg2 Kh8 28. Qf3
Be6 29. e4 dxe4 30. Qxe4 Rc8 31. Qf3 Qd7 32. d5 Bf5 33. Qg3 Be4 34. f3 Nf5 35.
Qg4 Rg8 36. Qh5 Qxd5 37. Qh3 Bd3 0-1

[Event "45th Olympiad 2024"]
[Site "Budapest HUN"]
[Date "2024.09.11"]
[Round "1.35"]
[Board "4"]
[White "Almeida Quintana, Omar"]
[Black "Bandara, Dhanushka"]
[Result "1-0"]
[WhiteTitle "GM"]
[WhiteElo "2492"]
[BlackElo "1903"]
[WhiteTeam "Cuba"]
[BlackTeam "Sri Lanka"]
[WhiteFideId "3503313"]
[BlackFideId "9908048"]
[EventDate "2024.09.11"]

1. d4 Nf6 2. Nf3 d5 3. c4 e6 4. Nc3 Bb4 5. Qa4+ Nc6 6. e3 O-O 7. Bd2 Bd7 8. Qb3
Qe7 9. cxd5 exd5 10. a3 Bxc3 11. Bxc3 Rab8 12. Bd3 Rfd8 13. h3 Be6 14. Qc2 h6
15. b4 a6 16. Bb2 Na7 17. Nd2 Nc8 18. O-O Nd6 19. Rac1 c6 20. Nb3 Nde4 21. Rfe1
Ng5 22. Nc5 Bc8 23. f3 Qd6 24. Qf2 b6 25. h4 Ne6 26. Nb3 Nh5 27. g4 1-0

[Event "45th Olympiad 2024"]
[Site "Budapest HUN"]
[Date "2024.09.11"]
[Round "1.36"]
[Board "1"]
[White "Kadric, Denis"]
[Black "Blackman, Justin"]
[Result "1-0"]
[WhiteTitle "GM"]
[BlackTitle "FM"]
[WhiteElo "2553"]
[BlackElo "2265"]
[WhiteTeam "Montenegro"]
[BlackTeam "Barbados"]
[WhiteFideId "14403803"]
[BlackFideId "11100516"]
[EventDate "2024.09.11"]

1. e4 c5 2. Nc3 d6 3. f4 g6 4. Nf3 Bg7 5. Bb5+ Bd7 6. Bc4 Nc6 7. O-O e6 8. f5
gxf5 9. exf5 d5 10. Bb5 Nf6 11. d3 O-O 12. Qe1 Nd4 13. Bxd7 Nxd7 14. Nxd4 cxd4
15. fxe6 fxe6 16. Qxe6+ Kh8 17. Nxd5 Rxf1+ 18. Kxf1 Nc5 19. Qf5 Qh4 20. Nf4 Re8
21. Bd2 Qxh2 22. Re1 Rxe1+ 23. Kxe1 Qh4+ 24. Kd1 Qe7 25. Bb4 b6 26. Qc8+ Qf8 27.
Qxf8+ Bxf8 28. Ke2 Kg8 29. Bxc5 bxc5 30. Kf3 Kf7 31. Ke4 Bd6 32. Kf5 Ke7 33.
Nd5+ Kf7 34. Nf6 h6 35. Ng4 h5 36. Nh6+ Kg7 37. Kg5 Bb8 38. Nf5+ Kf7 39. Kxh5
Kf6 40. Kg4 Bc7 41. Ng3 Ke5 42. b3 Bd8 43. Ne4 Be7 44. g3 a6 45. a4 a5 46. Nd2
Bd8 47. Nc4+ Ke6 48. Kf3 Kf5 49. g4+ Kg5 50. Nd6 Kf6 51. Ke4 Ke6 52. Nb7 Be7 53.
Nxa5 Bh4 54. Nc4 Be7 55. a5 Kd7 56. a6 Kc7 57. a7 Kb7 58. Nb6 Kxa7 59. Nc8+ 1-0